Statistics for Pokémon - Dark-type Pokémon

Click here to take the quiz!

General Stats

  • This quiz has been taken 89 times
    (12 since last reset)
  • The average score is 62 of 73

Answer Stats

Second TypePokémon% Correct
DragonHydreigon
100%
FightingScraggy
100%
NormalGalar Zigzagoon
100%
NormalGalar Linoone
100%
GhostSableye
100%
GrassShiftry
100%
FlyingHonchkrow
100%
IceWeavile
100%
FightingScrafty
100%
FireHoundour
100%
SteelPawniard
100%
SteelBisharp
100%
GrassNuzleaf
100%
DragonZweilous
100%
NormalObstagoon
100%
PsychicInkay
100%
PsychicMalamar
100%
FireMega Houndoom
100%
FireHoundoom
100%
IceSneasel
100%
PoisonDrapion
100%
N/AUmbreon
100%
GroundKrookodile
100%
GroundSandile
100%
N/ADarkrai
100%
GhostSpiritomb
100%
FlyingMurkrow
100%
WaterCrawdaunt
83%
PoisonStunky
83%
PoisonSkuntank
83%
FairyMorgrem
83%
GrassCacturne
83%
WaterMega Sharpedo
83%
WaterSharpedo
83%
RockMega Tyranitar
83%
RockTyranitar
83%
GroundKrokorok
83%
WaterCarvanha
83%
FightingPangoro
83%
FairyGrimmsnarl
83%
FightingUrshifu
83%
FairyImpidimp
83%
N/APurrloin
83%
N/AZorua
83%
N/AZoroark
83%
DragonGuzzlord
83%
N/AAbsol
83%
N/AMightyena
83%
GhostMega Sableye
83%
FlyingVullaby
83%
FlyingMandibuzz
83%
DragonDeino
83%
N/APoochyena
83%
FlyingYveltal
83%
N/ALiepard
83%
WaterAsh Greninja
67%
WaterGreninja
67%
PsychicUnbound Hoopa
67%
FireIncineroar
67%
ElectricMorpeko
67%
ElectricHangry Morpeko
67%
N/ANickit
67%
N/AThievul
67%
PRIMARY DARK (Normal)Alola Rattata
67%
NormalAlola Raticate
67%
FlyingGalarian Moltres
67%
WaterMega Gyarados
67%
PoisonAlola Muk
67%
SECONDARY DARK (Poison)Alola Grimer
67%
GrassZarude
67%
N/AAlola Persian
67%
MONOTYPEAlola Meowth
67%
N/AMega Absol
50%

Score Distribution

Percentile by Number Answered

Percent of People with Each Score

Your Score History

You have not taken this quiz since the last reset